Research methodology in extension education (Record no. 252811)
[ view plain ]
| 000 -LEADER | |
|---|---|
| fixed length control field | 00465nam a22001817a 4500 |
| 020 ## - INTERNATIONAL STANDARD BOOK NUMBER | |
| International Standard Book Number | 9789385055720 |
| 041 ## - LANGUAGE CODE | |
| Language code of text/sound track or separate title | English |
| 082 ## - DEWEY DECIMAL CLASSIFICATION NUMBER | |
| Classification number | 302.2 |
| Item number | DIL/RE |
| 100 ## - MAIN ENTRY--PERSONAL NAME | |
| Personal name | Dileep Kumar Dangi |
| 100 ## - MAIN ENTRY--PERSONAL NAME | |
| Personal name | Kadian K S |
| 100 ## - MAIN ENTRY--PERSONAL NAME | |
| Personal name | Moti Lal Meena |
| 245 ## - TITLE STATEMENT | |
| Title | Research methodology in extension education |
| 260 ## - PUBLICATION, DISTRIBUTION, ETC. (IMPRINT) | |
| Place of publication, distribution, etc. | Delhi |
| Name of publisher, distributor, etc. | Satish Serial Publishing House |
| Date of publication, distribution, etc. | 2016 |
| 300 ## - PHYSICAL DESCRIPTION | |
| Extent | 380p. |
| 365 ## - TRADE PRICE | |
| Price amount | Rs.2450/- |
| 650 ## - SUBJECT ADDED ENTRY--TOPICAL TERM | |
| Topical term or geographic name as entry element | Sampling ,research designs, |
| 942 ## - ADDED ENTRY ELEMENTS (KOHA) | |
| Koha item type | Books (General) |
| Withdrawn status | Lost status | Damaged status | Not for loan | Home library | Current library | Shelving location | Date acquired | Cost, normal purchase price | Total Checkouts | Total Renewals | Full call number | Barcode | Date last seen | Date checked out | Price effective from | Koha item type |
|---|---|---|---|---|---|---|---|---|---|---|---|---|---|---|---|---|
| College of Agriculture, Vellanikkara | College of Agriculture, Vellanikkara | 22/05/2017 | 2450.00 | 5 | 1 | 302.2 DIL/RE | KAU-COA-32778 | 22/12/2017 | 16/11/2017 | 22/05/2017 | Books (General) |
